000 00605nam a2200193 i 4500
001 97736
003 ES-MaACL
005 20250804062739.0
007 t|
008 050718s1944 sp ||||1| spa d
100 1 _aMarías, Julián,
_d1914-2005
_976688
245 1 0 _aSan Anselmo y el insensato y otros estudios de filosofía /
_cJulián Marías.
260 _aMadrid :
_bRevista de Occidente,
_c1944.
300 _aVIII, 272 p. ;
_c20 cm.
600 0 4 _aAnselmo,
_cSanto, Arzobispo de Canterbury.
_921838
650 0 7 _aFilosofía
_2embne
_912802
852 _aES-MaACL
_jF-15137
999 _c97736
_d97736